| 000 | 00519cam a22002171 4500 | ||
|---|---|---|---|
| 001 | sa 67001374 | ||
| 003 | DLC | ||
| 005 | 20260227112322.0 | ||
| 008 | 890629s1966 ii 000 0 hino | ||
| 010 | _asa 67001374 | ||
| 035 | _a(OCoLC)19948702 | ||
| 040 |
_aDLC _cWaU _dDLC |
||
| 042 | _apremarc | ||
| 050 | 0 | 0 |
_aPK2098.S4663 _bS3 |
| 100 | 1 |
_aSharma, Devendra Nath, _d1918- |
|
| 245 | 1 | 0 | _aŚāhajahām̐ ke ām̐sū. |
| 260 | _c[1966] | ||
| 300 |
_a144 p. _c19 cm. |
||
| 500 | _aIn Hindi. | ||
| 500 | _aPlays. | ||
| 999 |
_c72580 _d72580 |
||